| 000 | 00847nam a2200193Ia 4500 | ||
|---|---|---|---|
| 003 | GCL | ||
| 005 | 20240530105157.0 | ||
| 008 | 140319s9999 xx 000 0 ara d | ||
| 040 |
_aGCL / _cGCL |
||
| 082 | 0 | 4 |
_a258.3 _bس أ |
| 100 | 1 | _aالسيوطى : جلال الدين ابوالفضل عبدالرحمن بن ابى بكر بن محمد الخضيرى | |
| 245 | 1 | 0 |
_aالاشباه والنظائر فى قواعد وفروع فقة الشافعية / _cالسيوطى : جلال الدين ابوالفضل عبدالرحمن بن ابى بكر بن محمد الخضيرى |
| 250 | _aالاولى | ||
| 260 |
_aبيروت : _bدار الكتب العلمية للنشر والتوزيع ، _c1983 |
||
| 300 |
_a556 ص ؛ _c24سم |
||
| 650 | 0 | 4 | _aالفقه الشافعى |
| 650 | 0 | 4 | _aالفقه الاسلامى |
| 942 |
_2ddc _cBK |
||
| 999 |
_c53712 _d53712 |
||